[Event "3. Copenhagen Open Politiken Cup"]
[Site "Brndby"]
[Date "1981.??.??"]
[Round "5"]
[White "Sorensen, Henrik"]
[Black "Toth, Peter"]
[Result "1-0"]
[WhiteElo "2215"]
[BlackElo "2270"]
[PlyCount "119"]
[EventDate "1981.??.??"]
[EventType "swiss"]
[EventRounds "10"]
[EventCountry "DEN"]
[SourceDate "2004.01.01"]

1. d4 Nf6 2. Nf3 c5 3. c3 b6 4. g3 Bb7 5. Bg2 e6 6. Nbd2 Be7 7. O-O O-O 8. Re1
d5 9. Ne5 Nc6 10. Nxc6 Bxc6 11. Nf3 Rc8 12. Bf4 Ne4 13. Ne5 Bb7 14. f3 Nd6 15.
h4 cxd4 16. cxd4 Nf5 17. e3 Bd6 18. Kh2 f6 19. Nd3 Ba6 20. Bh3 g5 21. Bxf5 exf5
22. hxg5 fxg5 23. Bxd6 Qxd6 24. Ne5 Qb4 25. Rb1 Rc7 26. Rg1 Rfc8 27. Rg2 Bc4
28. b3 Bb5 29. g4 f4 30. exf4 gxf4 31. g5 Kg7 32. Kh3 Qc3 33. Kg4 Bd7+ 34. Kxf4
Rf8+ 35. Kg3 Bf5 36. Rbb2 Be4 37. Rbf2 Rcf7 38. Nxf7 Rxf7 39. Kh2 Rxf3 40. Rxf3
Bxf3 41. Qd2 Qc7+ 42. Rg3 Be4 43. Qf2 b5 44. Kh3 a5 45. Rg1 a4 46. Rf1 Qc8+ 47.
Kh4 Qe8 48. bxa4 bxa4 49. a3 Kg8 50. Qf4 Bd3 51. Rc1 Bc4 52. Rb1 Bb3 53. Rf1
Bc4 54. Rf2 Be2 55. Qf5 Bc4 56. Qe5 Qc8 57. Rf6 Qd8 58. Qe6+ Kh8 59. Rf7 Bd3
60. Qe5+ 1-0

[Event "3. Copenhagen Open Politiken Cup"]
[Site "Brndby"]
[Date "1981.??.??"]
[Round "5"]
[White "Wicker, Kevin J"]
[Black "Spassov, Liuben"]
[Result "1/2-1/2"]
[WhiteElo "2305"]
[BlackElo "2460"]
[PlyCount "96"]
[EventDate "1981.??.??"]
[EventType "swiss"]
[EventRounds "10"]
[EventCountry "DEN"]
[SourceDate "2004.01.01"]

1. d4 Nf6 2. Nf3 e6 3. Bf4 b6 4. e3 Bb7 5. Nbd2 Be7 6. h3 O-O 7. Be2 c5 8. O-O
cxd4 9. exd4 d6 10. Re1 Nc6 11. Bh2 Rc8 12. Rc1 Rc7 13. a3 Rd7 14. Bd3 Qa8 15.
Nf1 a6 16. Ne3 Na7 17. Nd2 b5 18. c4 Qd8 19. b4 bxc4 20. Ndxc4 Nc6 21. Bf1 d5
22. Ne5 Nxe5 23. Bxe5 Qb6 24. Bd3 Ne4 25. Qa4 Rfd8 26. b5 a5 27. Bxe4 dxe4 28.
Nc4 Qa7 29. b6 Qa8 30. Bc7 Rxd4 31. Bxd8 Qxd8 32. Rcd1 e3 33. fxe3 Qd5 34. e4
Qc5 35. Kh1 Qxc4 36. Qe8+ Bf8 37. Rf1 e5 38. Rc1 Qb3 39. Rc7 Bxe4 40. Qxf7+
Qxf7 41. Rcxf7 Bxa3 42. b7 Rd8 43. Re7 Bxb7 44. Rxb7 e4 45. Rb5 Re8 46. Rxa5
Bb4 47. Ra2 e3 48. Re2 Bd2 1/2-1/2

[Event "3. Copenhagen Open Politiken Cup"]
[Site "Brndby"]
[Date "1981.??.??"]
[Round "6"]
[White "Berg, Klaus"]
[Black "Sorensen, Henrik"]
[Result "1/2-1/2"]
[WhiteElo "2305"]
[BlackElo "2215"]
[PlyCount "80"]
[EventDate "1981.??.??"]
[EventType "swiss"]
[EventRounds "10"]
[EventCountry "DEN"]
[SourceDate "2004.01.01"]

1. c4 e5 2. Nc3 Nf6 3. Nf3 d6 4. d4 Nbd7 5. e3 c6 6. Be2 Be7 7. O-O O-O 8. b3
Re8 9. Ba3 a6 10. Qc2 Bf8 11. dxe5 dxe5 12. Bxf8 Nxf8 13. c5 Bg4 14. Ne4 Bf5
15. Bd3 Bg6 16. Nxf6+ Qxf6 17. Bxg6 Qxg6 18. Qxg6 Nxg6 19. Rfd1 e4 20. Nd2 f5
21. Nc4 Re7 22. Kf1 Ne5 23. Nxe5 Rxe5 24. Rac1 Kf7 25. Rd7+ Re7 26. Rcd1 Rae8
27. Ke2 Rxd7 28. Rxd7+ Re7 29. Rd8 Ke6 30. Kd2 Rd7+ 31. Rxd7 Kxd7 32. Kc3 Ke6
33. Kd4 h5 34. h4 a5 35. Kc4 Ke5 36. b4 a4 37. a3 f4 38. b5 fxe3 39. fxe3 Kf5
40. bxc6 bxc6 1/2-1/2

[Event "3. Copenhagen Open Politiken Cup"]
[Site "Brndby"]
[Date "1981.??.??"]
[Round "6"]
[White "Bjerring, Kai"]
[Black "Hartung Nielsen, Jens"]
[Result "0-1"]
[WhiteElo "2325"]
[BlackElo "2220"]
[PlyCount "80"]
[EventDate "1981.??.??"]
[EventType "swiss"]
[EventRounds "10"]
[EventCountry "DEN"]
[SourceDate "2004.01.01"]

1. Nf3 Nf6 2. c4 d6 3. d4 Nbd7 4. Nc3 e5 5. e4 Be7 6. Be2 c6 7. O-O O-O 8. Re1
a6 9. Bf1 b5 10. Qc2 Qc7 11. b3 Bb7 12. Bb2 Rfe8 13. Nd1 Rac8 14. Rc1 Qb8 15.
g3 Bf8 16. Bg2 g6 17. dxe5 dxe5 18. Ne3 Rcd8 19. Rcd1 b4 20. g4 h5 21. g5 Ng4
22. Nf1 Bc5 23. Re2 Qa7 24. h3 Nxf2 25. Rxf2 Bxf2+ 26. Qxf2 Qxf2+ 27. Kxf2 Nc5
28. Rxd8 Rxd8 29. Nxe5 a5 30. Ke2 a4 31. Nd2 Ne6 32. Ke3 a3 33. Ba1 c5 34. h4
Nf4 35. Bf3 Rd6 36. Bh1 Bc8 37. Nef3 Nd3 38. Bd4 Nc1 39. Bxc5 Rd3+ 40. Kf4 Nxa2
0-1

[Event "3. Copenhagen Open Politiken Cup"]
[Site "Brndby"]
[Date "1981.??.??"]
[Round "6"]
[White "Budde, Vladimir"]
[Black "Scheeren, Peter"]
[Result "0-1"]
[WhiteElo "2285"]
[BlackElo "2415"]
[PlyCount "60"]
[EventDate "1981.??.??"]
[EventType "swiss"]
[EventRounds "10"]
[EventCountry "DEN"]
[SourceDate "2004.01.01"]

1. d4 Nf6 2. Nf3 e6 3. c4 b6 4. Nc3 Bb4 5. e3 Bb7 6. Bd3 O-O 7. O-O d5 8. a3
Bd6 9. b4 dxc4 10. Bxc4 Nbd7 11. Bb2 a5 12. Qb3 axb4 13. axb4 Qe7 14. b5 Ne4
15. Rxa8 Rxa8 16. Nxe4 Bxe4 17. Ne1 Qh4 18. g3 Qh3 19. f3 Bxg3 20. hxg3 Qxg3+
21. Ng2 Nf6 22. Rf2 h5 23. Be2 Bd5 24. Qd1 h4 25. e4 h3 26. Qf1 Nh5 27. f4 Bxe4
28. Bxh5 Bxg2 29. Rxg2 hxg2 30. Qe2 Qh3 0-1

[Event "3. Copenhagen Open Politiken Cup"]
[Site "Brndby"]
[Date "1981.??.??"]
[Round "6"]
[White "Dobosz, Henryk"]
[Black "Carlsson, Mats"]
[Result "1-0"]
[WhiteElo "2360"]
[BlackElo "2255"]
[PlyCount "97"]
[EventDate "1981.??.??"]
[EventType "swiss"]
[EventRounds "10"]
[EventCountry "DEN"]
[SourceDate "2004.01.01"]

1. d4 Nf6 2. c4 g6 3. Nc3 Bg7 4. e4 d6 5. h3 c5 6. d5 e6 7. Nf3 O-O 8. Bd3 exd5
9. exd5 Re8+ 10. Be3 Bf5 11. Bxf5 gxf5 12. O-O Ne4 13. Ne2 Nd7 14. Qc2 Kh8 15.
Rae1 Rg8 16. Ng3 Qf6 17. Nxe4 fxe4 18. Qxe4 Bh6 19. Bxh6 Qxh6 20. Qf5 Nf6 21.
Re3 Rg7 22. Nh2 Rg5 23. Qd3 Rag8 24. Rg3 Nh5 25. Qc3+ f6 26. Rxg5 Qxg5 27. Ng4
Nf4 28. Re1 h5 29. Qxf6+ Qxf6 30. Nxf6 Rxg2+ 31. Kf1 Rh2 32. Kg1 Rg2+ 33. Kh1
Rg6 34. Ne4 Nxh3 35. Re3 Nf4 36. Rg3 Kh7 37. Rxg6 Kxg6 38. Nxd6 b6 39. Nc8 Kf6
40. Nxa7 Nd3 41. Nc8 Nxf2+ 42. Kg2 Nd3 43. Nxb6 Ke7 44. a4 Kd6 45. a5 Nb4 46.
Kh3 Kc7 47. Kh4 Kb7 48. Na4 Nd3 49. d6 1-0

[Event "3. Copenhagen Open Politiken Cup"]
[Site "Brndby"]
[Date "1981.??.??"]
[Round "6"]
[White "Hansen, Curt"]
[Black "Bjarnason, Saevar"]
[Result "1-0"]
[WhiteElo "2330"]
[BlackElo "2245"]
[PlyCount "57"]
[EventDate "1981.??.??"]
[EventType "swiss"]
[EventRounds "10"]
[EventCountry "DEN"]
[SourceDate "2004.01.01"]

1. e4 e6 2. d4 d5 3. exd5 exd5 4. Nf3 Bd6 5. c4 c6 6. Nc3 Ne7 7. Bd3 O-O 8. O-O
Bf5 9. Bxf5 Nxf5 10. cxd5 cxd5 11. Qb3 Nc6 12. Qxd5 g6 13. Be3 Qb6 14. Qb5 Qxb5
15. Nxb5 Be7 16. Rfd1 Rfd8 17. Rac1 Bf6 18. g4 Nfe7 19. Bf4 Nd5 20. Bg3 a6 21.
Nd6 Rd7 22. Ne4 Rad8 23. Ne5 Nxe5 24. dxe5 Bg7 25. Nc5 Rc7 26. e6 Re7 27. Bh4
f6 28. Nd7 g5 29. Rxd5 1-0

[Event "3. Copenhagen Open Politiken Cup"]
[Site "Brndby"]
[Date "1981.??.??"]
[Round "6"]
[White "Hoi, Carsten"]
[Black "Hansson, Dan"]
[Result "1/2-1/2"]
[WhiteElo "2425"]
[BlackElo "2330"]
[PlyCount "59"]
[EventDate "1981.??.??"]
[EventType "swiss"]
[EventRounds "10"]
[EventCountry "DEN"]
[SourceDate "2004.01.01"]

1. Nf3 Nf6 2. d4 e6 3. c4 d5 4. e3 c5 5. Nc3 Nc6 6. a3 cxd4 7. exd4 dxc4 8.
Bxc4 Be7 9. O-O O-O 10. Qd3 b6 11. Bg5 Bb7 12. Rad1 Qd6 13. Ba2 Rad8 14. Rfe1
Rfe8 15. h3 Nd5 16. Ne4 Qb8 17. Bb1 g6 18. Qd2 Bxg5 19. Qxg5 Kg7 20. Ne5 Nce7
21. Nxf7 Kxf7 22. Qh6 Rh8 23. Ng5+ Ke8 24. Qg7 Kd7 25. Qf7 Qf4 26. Qxe6+ Ke8
27. Bxg6+ hxg6 28. Qxg6+ Kd7 29. Qe6+ Ke8 30. Qg6+ 1/2-1/2

[Event "3. Copenhagen Open Politiken Cup"]
[Site "Brndby"]
[Date "1981.??.??"]
[Round "6"]
[White "Jakobsen, Ole"]
[Black "Krahenbuhl, Gerhard"]
[Result "1-0"]
[WhiteElo "2415"]
[BlackElo "2305"]
[PlyCount "53"]
[EventDate "1981.??.??"]
[EventType "swiss"]
[EventRounds "10"]
[EventCountry "DEN"]
[SourceDate "2004.01.01"]

1. d4 g6 2. c4 Nf6 3. Nc3 Bg7 4. e4 O-O 5. Be3 d6 6. f3 Na6 7. Qd2 c5 8. Nge2
Bd7 9. dxc5 Nxc5 10. e5 Ng4 11. fxg4 Bxe5 12. Nd4 Bxg4 13. Be2 Bd7 14. O-O f5
15. Nf3 Bf6 16. Bd4 a6 17. Bxf6 Rxf6 18. b4 Ne6 19. Nd5 Rf8 20. Qe3 f4 21. Qe4
g5 22. Bd3 Rf7 23. Rae1 g4 24. Nh4 Ng5 25. Nxe7+ Kf8 26. Qd4 Ne6 27. Neg6+ 1-0

[Event "3. Copenhagen Open Politiken Cup"]
[Site "Brndby"]
[Date "1981.??.??"]
[Round "6"]
[White "Jansa, Vlastimil"]
[Black "Bednarski, Jacek"]
[Result "1/2-1/2"]
[WhiteElo "2460"]
[BlackElo "2380"]
[PlyCount "32"]
[EventDate "1981.??.??"]
[EventType "swiss"]
[EventRounds "10"]
[EventCountry "DEN"]
[SourceDate "2004.01.01"]

1. e4 c5 2. Nf3 Nc6 3. d4 cxd4 4. Nxd4 e5 5. Nb5 a6 6. Nd6+ Bxd6 7. Qxd6 Qf6 8.
Qc7 Nge7 9. Nc3 Nb4 10. Bd3 d5 11. O-O d4 12. Ne2 Nxd3 13. cxd3 g5 14. Bd2 Be6
15. Bb4 Nc6 16. Bd6 Bd7 1/2-1/2

[Event "3. Copenhagen Open Politiken Cup"]
[Site "Brndby"]
[Date "1981.??.??"]
[Round "6"]
[White "Jasnikowski, Zbigniew"]
[Black "Farias, Sergio"]
[Result "1-0"]
[WhiteElo "2380"]
[BlackElo "2240"]
[PlyCount "41"]
[EventDate "1981.??.??"]
[EventType "swiss"]
[EventRounds "10"]
[EventCountry "DEN"]
[SourceDate "2004.01.01"]

1. e4 d5 2. exd5 Nf6 3. d4 Nxd5 4. Nf3 Bg4 5. Be2 e6 6. O-O Be7 7. Ne5 Bxe2 8.
Qxe2 O-O 9. c4 Nf6 10. Re1 c5 11. dxc5 Qa5 12. Nd3 Bxc5 13. b4 Bxb4 14. Nxb4
Qxb4 15. Ba3 Qa5 16. Bxf8 Kxf8 17. Qb2 Qc7 18. Qb4+ Ke8 19. Nc3 Nc6 20. Nb5 Qe7
21. Nd6+ 1-0

[Event "3. Copenhagen Open Politiken Cup"]
[Site "Brndby"]
[Date "1981.??.??"]
[Round "6"]
[White "Jensen, Vagn"]
[Black "Carlsson, Gerner"]
[Result "1/2-1/2"]
[WhiteElo "2235"]
[BlackElo "2205"]
[PlyCount "56"]
[EventDate "1981.??.??"]
[EventType "swiss"]
[EventRounds "10"]
[EventCountry "DEN"]
[SourceDate "2004.01.01"]

1. e4 e5 2. Bc4 Nf6 3. d3 c6 4. Nf3 d5 5. Bb3 Bb4+ 6. c3 Bd6 7. Nbd2 O-O 8. O-O
Bg4 9. Re1 Nbd7 10. h3 Bh5 11. Nf1 Re8 12. Ng3 Bg6 13. Bg5 Qc7 14. Nh4 dxe4 15.
dxe4 Be7 16. Nxg6 hxg6 17. h4 Nc5 18. Bc2 Ne6 19. Bxf6 Bxf6 20. h5 gxh5 21.
Nxh5 Qe7 22. Qg4 g6 23. Nxf6+ Qxf6 24. g3 Rad8 25. Rad1 Kg7 26. Kg2 Rh8 27.
Rxd8 Rxd8 28. Rd1 Rxd1 1/2-1/2

[Event "3. Copenhagen Open Politiken Cup"]
[Site "Brndby"]
[Date "1981.??.??"]
[Round "6"]
[White "Karlsson, Lars"]
[Black "Pokojowczyk, Jerzy"]
[Result "0-1"]
[WhiteElo "2465"]
[BlackElo "2390"]
[PlyCount "76"]
[EventDate "1981.??.??"]
[EventType "swiss"]
[EventRounds "10"]
[EventCountry "DEN"]
[SourceDate "2004.01.01"]

1. c4 Nf6 2. g3 e6 3. Bg2 d5 4. Nf3 Be7 5. O-O O-O 6. b3 c5 7. cxd5 Nxd5 8. Bb2
Nc6 9. Na3 b6 10. Nc4 Bb7 11. a3 b5 12. Nce5 Nb6 13. Nxc6 Bxc6 14. Qc2 Rc8 15.
a4 a6 16. axb5 axb5 17. Ra7 c4 18. Ne1 Bxg2 19. Nxg2 cxb3 20. Qxb3 Nc4 21. Ba1
Nxd2 22. Qxb5 Nxf1 23. Rd7 Rc1 24. h4 Nxg3+ 25. Kh2 Nf1+ 26. Kh3 Qb8 27. Qxb8
Rxb8 28. Be5 Re8 29. Nf4 Bf8 30. Kg2 f6 31. Bb2 Rc2 32. Ba1 Nd2 33. Nh5 e5 34.
f4 Nc4 35. Kf2 Ra2 36. Bc3 Ra7 37. Rd5 Nd6 38. fxe5 Ne4+ 0-1

[Event "3. Copenhagen Open Politiken Cup"]
[Site "Brndby"]
[Date "1981.??.??"]
[Round "6"]
[White "Kovacs, Laszlo"]
[Black "Reinert, Mads"]
[Result "1-0"]
[WhiteElo "2315"]
[BlackElo "2215"]
[PlyCount "66"]
[EventDate "1981.??.??"]
[EventType "swiss"]
[EventRounds "10"]
[EventCountry "DEN"]
[SourceDate "2004.01.01"]

1. e4 c5 2. Nf3 Nc6 3. Nc3 e6 4. d4 cxd4 5. Nxd4 Nf6 6. Ndb5 d6 7. a4 a6 8. Na3
d5 9. exd5 exd5 10. Bd3 h6 11. Bf4 Bc5 12. O-O O-O 13. Ne2 Nh5 14. c3 Re8 15.
Qd2 Qf6 16. Be3 Bxe3 17. fxe3 Qe7 18. Nc2 Ne5 19. b3 Nf6 20. Ng3 Nfg4 21. h3
Nxd3 22. Qxd3 Qd6 23. e4 Nf6 24. exd5 Nxd5 25. Rf2 Qc6 26. c4 Nf6 27. Raf1 Be6
28. Nd4 Rad8 29. Rxf6 gxf6 30. Ne4 Qb6 31. c5 Qb4 32. Nxf6+ Kf8 33. Nxe6+ fxe6
1-0

[Event "3. Copenhagen Open Politiken Cup"]
[Site "Brndby"]
[Date "1981.??.??"]
[Round "6"]
[White "Sahl, Bjarke"]
[Black "Jahr, Ulrich"]
[Result "1-0"]
[WhiteElo "2345"]
[BlackElo "2230"]
[PlyCount "87"]
[EventDate "1981.??.??"]
[EventType "swiss"]
[EventRounds "10"]
[EventCountry "DEN"]
[SourceDate "2004.01.01"]

1. c4 f5 2. Nc3 Nf6 3. d4 g6 4. g3 Bg7 5. Bg2 O-O 6. Nh3 d6 7. d5 c6 8. O-O Bd7
9. Nf4 Na6 10. Rb1 Nc7 11. b4 cxd5 12. cxd5 Qe8 13. Qb3 Rc8 14. b5 Qf7 15. a4
b6 16. Nd3 e5 17. Nb4 e4 18. Nc6 a5 19. Be3 Rfe8 20. Rfd1 Na8 21. Bf4 Bf8 22.
Qa3 Bxc6 23. bxc6 Red8 24. Qb3 Rb8 25. Qc4 h6 26. Be3 g5 27. Bd4 Ne8 28. g4
fxg4 29. Nxe4 Bg7 30. Rb3 Bxd4 31. Qxd4 Qg7 32. h3 Qxd4 33. Rxd4 gxh3 34. Bxh3
Kf8 35. Rf3+ Kg7 36. Bd7 Nac7 37. Ng3 b5 38. Re4 b4 39. Re7+ Kg8 40. Nf5 Kh8
41. Nxh6 Nf6 42. Nf7+ Kg8 43. Nxd8 Nfxd5 44. Be6+ 1-0

[Event "3. Copenhagen Open Politiken Cup"]
[Site "Brndby"]
[Date "1981.??.??"]
[Round "6"]
[White "Moe, Mogens"]
[Black "Brondum, Eric"]
[Result "1-0"]
[WhiteElo "2350"]
[BlackElo "2460"]
[PlyCount "81"]
[EventDate "1981.??.??"]
[EventType "swiss"]
[EventRounds "10"]
[EventCountry "DEN"]
[SourceDate "2004.01.01"]

1. e4 c5 2. Nf3 Nf6 3. Nc3 d6 4. d4 cxd4 5. Nxd4 a6 6. f4 Nbd7 7. a4 g6 8. Bc4
Bg7 9. Nf3 Qc7 10. Qe2 e5 11. O-O O-O 12. Kh1 b6 13. f5 gxf5 14. exf5 Bb7 15.
Rd1 h6 16. Ne1 Rfe8 17. Ra3 e4 18. Nd5 Nxd5 19. Bxd5 Bxd5 20. Rxd5 Nf6 21. Rd1
Qc5 22. g4 Rac8 23. Rh3 e3 24. Rxe3 Rxe3 25. Bxe3 Qc6+ 26. Qg2 Qxg2+ 27. Kxg2
Nxg4 28. Bxb6 Bxb2 29. h3 Ne5 30. Rxd6 Nc4 31. Rd8+ Rxd8 32. Bxd8 Ne3+ 33. Kf3
Nxf5 34. Ke4 Ng7 35. c4 Kf8 36. Nd3 Ba3 37. Kd5 Ne6 38. Bf6 Be7 39. Bxe7+ Kxe7
40. Kc6 f5 41. Kb6 1-0

[Event "3. Copenhagen Open Politiken Cup"]
[Site "Brndby"]
[Date "1981.??.??"]
[Round "6"]
[White "Nikolaiczuk, Lothar"]
[Black "From, Sigfred"]
[Result "1/2-1/2"]
[WhiteElo "2280"]
[BlackElo "2225"]
[PlyCount "94"]
[EventDate "1981.??.??"]
[EventType "swiss"]
[EventRounds "10"]
[EventCountry "DEN"]
[SourceDate "2004.01.01"]

1. e4 e5 2. Nf3 f5 3. Nxe5 Nc6 4. Nxc6 dxc6 5. e5 Qd4 6. Qe2 Be6 7. Nc3 Nh6 8.
Qe3 Bc5 9. Qxd4 Bxd4 10. f4 O-O-O 11. d3 g5 12. Ne2 Bb6 13. h3 g4 14. Bd2 gxh3
15. gxh3 Bd5 16. Rh2 Rhg8 17. b4 Bf3 18. O-O-O Bg1 19. Nxg1 Bxd1 20. Ne2 Bxe2
21. Bxe2 Rg1+ 22. Kb2 Rdg8 23. Bf3 R8g3 24. Be3 Rf1 25. Be2 Re1 26. Bf2 Rxe2
27. Bxg3 Rxh2 28. Bxh2 Kd7 29. c4 Nf7 30. Bg1 a6 31. a4 b5 32. a5 Nd8 33. Kc3
Ne6 34. Be3 Ke7 35. Bc1 Kd7 36. Bd2 Ke7 37. Be3 Kd7 38. Bc1 Ke7 39. Be3 Kd7 40.
d4 bxc4 41. Kxc4 Nd8 42. Kd3 Ke6 43. Kc4 Kd7 44. Bf2 Ne6 45. Bg3 h6 46. Kc3 Nf8
47. Bf2 Ne6 1/2-1/2

[Event "3. Copenhagen Open Politiken Cup"]
[Site "Brndby"]
[Date "1981.??.??"]
[Round "6"]
[White "Nykopp, Jan Michael"]
[Black "Rosenlund, Thorbjorn"]
[Result "1-0"]
[WhiteElo "2260"]
[BlackElo "2305"]
[PlyCount "55"]
[EventDate "1981.??.??"]
[EventType "swiss"]
[EventRounds "10"]
[EventCountry "DEN"]
[SourceDate "2004.01.01"]

1. e4 c6 2. d4 d5 3. Nc3 dxe4 4. Nxe4 Nf6 5. Nxf6+ gxf6 6. c3 Bf5 7. Nf3 Qc7 8.
g3 Nd7 9. Bg2 e6 10. O-O O-O-O 11. Nh4 Bg6 12. b4 Nb6 13. Qf3 Be7 14. a4 Nd5
15. b5 f5 16. Nxg6 hxg6 17. c4 Nb4 18. Bf4 Qd7 19. bxc6 Nxc6 20. d5 Nd4 21. Qd3
Bf6 22. Be3 e5 23. Bxd4 exd4 24. c5 f4 25. Rab1 Rh5 26. c6 Qd6 27. Rxb7 Rdh8
28. Qa6 1-0

[Event "3. Copenhagen Open Politiken Cup"]
[Site "Brndby"]
[Date "1981.??.??"]
[Round "6"]
[White "Pedersen, Jens Otto"]
[Black "Wicker, Kevin J"]
[Result "0-1"]
[WhiteElo "2230"]
[BlackElo "2305"]
[PlyCount "146"]
[EventDate "1981.??.??"]
[EventType "swiss"]
[EventRounds "10"]
[EventCountry "DEN"]
[SourceDate "2004.01.01"]

1. Nf3 e6 2. c4 f5 3. g3 Nf6 4. Bg2 Be7 5. O-O O-O 6. d4 c6 7. b3 a5 8. Nc3 d6
9. Qc2 Na6 10. a3 Qc7 11. e4 fxe4 12. Nxe4 e5 13. dxe5 dxe5 14. Nfg5 g6 15. Bb2
Bf5 16. Qc3 Rae8 17. Rad1 Nc5 18. Nxc5 Bxc5 19. b4 Bd4 20. Qc1 c5 21. bxc5 Qxc5
22. Nf3 Bxb2 23. Qxb2 e4 24. Nd4 Bg4 25. Rd2 Bc8 26. Qc3 Ng4 27. Re2 Qh5 28. h3
Nf6 29. g4 Qc5 30. Rfe1 Nd5 31. Qc2 Nf4 32. Rxe4 Rxe4 33. Qxe4 Qxa3 34. Nb5 Qc5
35. Qd4 Qxd4 36. Nxd4 Rd8 37. Nb5 b6 38. Re7 Be6 39. Rc7 Rd1+ 40. Kh2 Rc1 41.
Nd6 Rc2 42. Bc6 Rc3 43. Ne4 Rxh3+ 44. Kg1 Bxc4 45. Nf6+ Kh8 46. g5 Ne2+ 47. Kg2
Nf4+ 48. Kg1 b5 49. Rc8+ Kg7 50. Rc7+ Kh8 51. Rc8+ Kg7 52. Rc7+ Kf8 53. Nxh7+
Rxh7 54. Rxh7 a4 55. Ra7 Ne6 56. Ra5 Nd4 57. Be4 Ke7 58. Bxg6 Nf3+ 59. Kg2 Nh4+
60. Kg3 Nxg6 61. f4 Ke6 62. Ra6+ Kf5 63. Rf6+ Ke4 64. Rxg6 a3 65. Ra6 b4 66.
Ra4 a2 67. g6 Kf5 68. g7 b3 69. Rxc4 a1=Q 70. Rc5+ Kf6 71. Rg5 Qg1+ 72. Kf3
Qxg5 73. fxg5+ Kxg7 0-1

[Event "3. Copenhagen Open Politiken Cup"]
[Site "Brndby"]
[Date "1981.??.??"]
[Round "6"]
[White "Plaskett, Jim"]
[Black "Welin, Thomas"]
[Result "1/2-1/2"]
[WhiteElo "2405"]
[BlackElo "2290"]
[PlyCount "134"]
[EventDate "1981.??.??"]
[EventType "swiss"]
[EventRounds "10"]
[EventCountry "DEN"]
[SourceDate "2004.01.01"]

1. e4 c5 2. Nf3 g6 3. d4 cxd4 4. Nxd4 Nf6 5. Nc3 d6 6. Be3 Bg7 7. f3 O-O 8. Qd2
Nc6 9. O-O-O Nxd4 10. Bxd4 Be6 11. Kb1 Qc7 12. Bd3 Rfc8 13. Rhe1 Qa5 14. a3 a6
15. Bxf6 Bxf6 16. Nd5 Qxd2 17. Nxf6+ Kg7 18. Nh5+ Kh6 19. Rxd2 Kxh5 20. e5 dxe5
21. Rxe5+ Kh6 22. Be4 Rc7 23. Rd4 Rb8 24. Rb4 b6 25. Bd3 Bc8 26. Rbe4 e6 27. a4
f6 28. Rxe6 Bxe6 29. Rxe6 a5 30. Rxf6 Kg7 31. Rd6 Kf7 32. h4 Ke7 33. Rd4 Rc5
34. b3 Rbc8 35. Kb2 R8c6 36. Bc4 Re5 37. Bd3 Rec5 38. Rg4 Re6 39. f4 Kf6 40.
Rg3 Re1 41. Rf3 Rg1 42. g3 Rg2 43. Re3 Rg1 44. Be4 Rc7 45. Rf3 Rc5 46. Rd3 Ke6
47. Bf3 Kf5 48. Be2 Rc6 49. Rd5+ Kf6 50. g4 Rg2 51. Bd1 Rf2 52. Rd7 h5 53. gxh5
gxh5 54. Rd5 Rxf4 55. Rxh5 Kg6 56. Be2 Rc5 57. Rh8 Kg7 58. Rb8 Rc6 59. Bb5 Rd6
60. Bc4 Rxh4 61. Rc8 Kf6 62. Rc7 Rh6 63. b4 axb4 64. Kb3 Rh2 65. Bb5 Rh4 66.
Bc4 Rh2 67. Rf7+ Ke5 1/2-1/2

[Event "3. Copenhagen Open Politiken Cup"]
[Site "Brndby"]
[Date "1981.??.??"]
[Round "6"]
[White "Poulsen, Allan"]
[Black "Hvenekilde, Jorgen"]
[Result "0-1"]
[WhiteElo "2400"]
[BlackElo "2275"]
[PlyCount "42"]
[EventDate "1981.??.??"]
[EventType "swiss"]
[EventRounds "10"]
[EventCountry "DEN"]
[SourceDate "2004.01.01"]

1. e4 e5 2. Nf3 Nc6 3. Bb5 Bc5 4. c3 Nf6 5. d4 Bb6 6. O-O O-O 7. Bg5 d6 8. Bxc6
bxc6 9. dxe5 dxe5 10. Qxd8 Rxd8 11. Nxe5 Ba6 12. Re1 Nxe4 13. Be3 Bxe3 14. fxe3
c5 15. Na3 f6 16. Nf3 Rab8 17. Reb1 Nd2 18. b4 Nxb1 19. Rxb1 cxb4 20. cxb4 c5
21. b5 Rd3 0-1

[Event "3. Copenhagen Open Politiken Cup"]
[Site "Brndby"]
[Date "1981.??.??"]
[Round "6"]
[White "Radulov, Ivan"]
[Black "Taulbut, Shaun M"]
[Result "0-1"]
[WhiteElo "2460"]
[BlackElo "2380"]
[PlyCount "70"]
[EventDate "1981.??.??"]
[EventType "swiss"]
[EventRounds "10"]
[EventCountry "DEN"]
[SourceDate "2004.01.01"]

1. e4 d5 2. exd5 Qxd5 3. Nc3 Qa5 4. d4 Nf6 5. Nf3 Bf5 6. Bd3 e6 7. O-O Nbd7 8.
Bf4 c6 9. a3 Bxd3 10. Qxd3 Be7 11. Ne4 Nxe4 12. Qxe4 Nf6 13. Qe2 Qf5 14. Bg3
O-O 15. Rad1 Rad8 16. Rd3 Qb5 17. Ne5 Rxd4 18. c4 Qb6 19. Rxd4 Qxd4 20. Rd1 Qe4
21. Qd2 h6 22. Re1 Rd8 23. Qa5 Qc2 24. h3 Qd2 25. Qxd2 Rxd2 26. b4 Ra2 27. Re3
Kf8 28. Rd3 Ke8 29. Bf4 a5 30. bxa5 Ra1+ 31. Kh2 Rxa3 32. Rxa3 Bxa3 33. Nxc6
bxc6 34. a6 Nd7 35. Be3 c5 0-1

[Event "3. Copenhagen Open Politiken Cup"]
[Site "Brndby"]
[Date "1981.??.??"]
[Round "6"]
[White "Ravikumar, Vaidyanathan"]
[Black "Nielsen, Jrgen"]
[Result "1-0"]
[WhiteElo "2325"]
[BlackElo "2220"]
[PlyCount "69"]
[EventDate "1981.??.??"]
[EventType "swiss"]
[EventRounds "10"]
[EventCountry "DEN"]
[SourceDate "2004.01.01"]

1. Nf3 f5 2. g3 Nf6 3. Bg2 g6 4. O-O Bg7 5. c4 O-O 6. Nc3 d6 7. d4 Nc6 8. d5
Ne5 9. Nxe5 dxe5 10. Qb3 e6 11. Be3 exd5 12. cxd5 f4 13. Bc5 Rf7 14. Rad1 Bf8
15. Bxf8 Qxf8 16. Nb5 a6 17. Na3 b5 18. d6 Ra7 19. gxf4 cxd6 20. fxe5 dxe5 21.
Nc2 Rae7 22. Nb4 Be6 23. Qe3 Ng4 24. Qb6 Qh6 25. h3 Qf4 26. hxg4 Qxb4 27. g5
Qf4 28. Qxa6 Qxg5 29. Rd3 Bc4 30. Re3 Ra7 31. Qc8+ Rf8 32. Qc5 Rxa2 33. Rxe5
Qf4 34. Re4 Qf7 35. Rxc4 1-0

[Event "3. Copenhagen Open Politiken Cup"]
[Site "Brndby"]
[Date "1981.??.??"]
[Round "6"]
[White "Roos, Louis"]
[Black "Ernst, Thomas"]
[Result "1-0"]
[WhiteElo "2375"]
[BlackElo "2295"]
[PlyCount "49"]
[EventDate "1981.??.??"]
[EventType "swiss"]
[EventRounds "10"]
[EventCountry "DEN"]
[SourceDate "2004.01.01"]

1. e4 e5 2. Nf3 Nc6 3. d4 exd4 4. Bc4 Nf6 5. O-O Nxe4 6. Re1 d5 7. Bxd5 Qxd5 8.
Nc3 Qa5 9. Nxe4 Be6 10. Neg5 O-O-O 11. Nxe6 fxe6 12. Rxe6 Bd6 13. Bg5 Rdf8 14.
Qe2 h6 15. Bh4 Qb4 16. Rb1 a5 17. Re4 Qc5 18. Rd1 g5 19. Bg3 Bxg3 20. hxg3 Rd8
21. Ne5 Nxe5 22. Rxe5 Qb4 23. Rb5 Qa4 24. Qe6+ Kb8 25. Qc6 1-0

[Event "3. Copenhagen Open Politiken Cup"]
[Site "Brndby"]
[Date "1981.??.??"]
[Round "6"]
[White "Schneider, Lars Ake"]
[Black "Sorensen, Bent"]
[Result "1-0"]
[WhiteElo "2410"]
[BlackElo "2285"]
[PlyCount "61"]
[EventDate "1981.??.??"]
[EventType "swiss"]
[EventRounds "10"]
[EventCountry "DEN"]
[SourceDate "2004.01.01"]

1. e4 e6 2. d4 d5 3. Nd2 c5 4. exd5 exd5 5. Bb5+ Nc6 6. Qe2+ Be7 7. dxc5 Nf6 8.
Nb3 O-O 9. Be3 a6 10. Ba4 Ne4 11. O-O-O Nb4 12. Kb1 Bd7 13. Bxd7 Qxd7 14. a3
Nc6 15. Nh3 a5 16. Nf4 Nf6 17. g4 g5 18. Nh5 Nxh5 19. gxh5 a4 20. Nd4 h6 21. h4
Rae8 22. hxg5 Bxg5 23. Rhg1 Kh8 24. Qf3 f6 25. Qg3 Nxd4 26. Bxd4 Re4 27. f3 Rh4
28. Rh1 Rxh1 29. Rxh1 Re8 30. f4 Qc7 31. Rg1 1-0